LIBRARY ONLINE CATALOGUE

A dictionary of environment and conservation / (Record no. 15238)

MARC details
000 -LEADER
fixed length control field 00682cam a22002172 4500
001 - CONTROL NUMBER
control field 0000020331
005 - DATE AND TIME OF LATEST TRANSACTION
control field 20151217161200.0
008 - FIXED-LENGTH DATA ELEMENTS--GENERAL INFORMATION
fixed length control field 110912s xx 000 0 eng d
020 ## - INTERNATIONAL STANDARD BOOK NUMBER
International Standard Book Number 0198609964
040 ## - CATALOGING SOURCE
Original cataloging agency KABU
Transcribing agency KABU
100 1# - MAIN ENTRY--PERSONAL NAME
Personal name Park, Chris.
-- 0000180506
245 12 - TITLE STATEMENT
Title A dictionary of environment and conservation /
Statement of responsibility, etc. Chris Park.
250 ## - EDITION STATEMENT
Edition statement 2nd ed.
260 ## - PUBLICATION, DISTRIBUTION, ETC. (IMPRINT)
Place of publication, distribution, etc. Oxford :
Name of publisher, distributor, etc. O. U. P.,
Date of publication, distribution, etc. 2008.
300 ## - PHYSICAL DESCRIPTION
Extent vi, 522 p.
650 #0 - SUBJECT ADDED ENTRY--TOPICAL TERM
Topical term or geographic name as entry element Environmental science
Form subdivision Dictionareis.
-- 0000180507
650 #0 - SUBJECT ADDED ENTRY--TOPICAL TERM
Topical term or geographic name as entry element Conservation of natural resources
Form subdivision Dictionaries.
-- 0000180508
852 1# - LOCATION
-- p1540 KES
908 ## - PUT COMMAND PARAMETER (RLIN)
Put command parameter 110912
950 ## - LOCAL HOLDINGS (RLIN)
-- 1
Holdings
Withdrawn status Lost status Source of classification or shelving scheme Not for loan Home library Current library Date acquired Total Checkouts Full call number Barcode Date last seen Price effective from Koha item type
    Library of Congress Classification Not For Loan Kabarak, Main Campus Kabarak, Main Campus 17/12/2015   GE10 .P37 2008 c.1 21330 17/12/2015 17/12/2015 Reference